Country by City "O" - Statistics

General Stats
  • This quiz has been taken 58 times
  • The average score is 13 of 15
Answer Stats
City Country % Correct
Ottawa Canada
100%
Oslo Norway
100%
Oxford United Kingdom
100%
Orlando United States
100%
Okinawa Japan
98%
Omsk Russia
98%
Orleans France
94%
Oaxaca de Juarez Mexico
91%
Oldenburg Germany
89%
Odessa Ukraine
87%
Olsztyn Poland
79%
Ouagadougou Burkina Faso
66%
Odense Denmark
64%
Oran Algeria
55%
Ostrava Czech Republic
49%
No matching quizzes found
Score Distribution
Percent of People with Each Score
Percentile by Number Answered
Your Score History
You have not taken this quiz